000 00517nam a2200169Ia 4500
008 090201s9999 xx 000 0 und d
010 _aKPL-34181
040 _bमराठी
041 _aमराठी
082 _a14316
_b34181
100 _aरा. रं. बोराडे
245 _aखोळंबा
_cरा. रं. बोराडे
260 _c2004
_bश्री विशाखा प्रकाशन
300 _a109
_bमोठा
600 _aखोळंबा
942 _cBOOK
999 _c214503
_d214503